| 000 | 00675nam a2200181Ia 4500 | ||
|---|---|---|---|
| 008 | 100920s9999 xx 000 0 und d | ||
| 082 |
_b71894 _a320 थ 97 |
||
| 100 | _aकोरान्ने दिनकर गोविंद. | ||
| 245 | _aभाडेकरूंचे 100 प्रश्न. | ||
| 260 |
_bमॅजेस्टिक प्रकाशन, मुंबई. _c1997 |
||
| 300 |
_a67 _bसाधी |
||
| 365 | _b30 | ||
| 520 | _aराजकारण. | ||
| 630 | _aभाडेकरूंचे 100 प्रश्न. | ||
| 650 | _aराजकारण. | ||
| 730 | _aभाडेकरूंचे 100 प्रश्न. | ||
| 942 | _cBOOK | ||
| 999 |
_c713737 _d713734 |
||